ბათუმის შოთა რუსთაველის სახელმწიფო უნივერსიტეტის ბიბლიოთეკა

Тоннели и метрополитены. (ბიბ.ჩანაწერი № 40643)

000 -LEADER
fixed length control field 00630nam a2200205Ia 4500
001 - CONTROL NUMBER
control field 7271
003 - CONTROL NUMBER IDENTIFIER
control field GE_BSU
008 - FIXED-LENGTH DATA ELEMENTS--GENERAL INFORMATION
fixed length control field 181216s||||||||xx |||||||||||||| ||und||
040 ## - CATALOGING SOURCE
Transcribing agency GE_BSU
080 ## - UNIVERSAL DECIMAL CLASSIFICATION NUMBER
Universal Decimal Classification number 624.19+625.42
100 ## - MAIN ENTRY--PERSONAL NAME
Personal name Волков,В.П. Наумов,С.Н. Пирожкова,А.Н.
245 ## - TITLE STATEMENT
Title Тоннели и метрополитены.
245 ## - TITLE STATEMENT
Statement of responsibility, etc. Под ред. В.П.Волкова.
260 ## - PUBLICATION, DISTRIBUTION, ETC.
Place of publication, distribution, etc. М.
260 ## - PUBLICATION, DISTRIBUTION, ETC.
Name of publisher, distributor, etc. Транспорт.
260 ## - PUBLICATION, DISTRIBUTION, ETC.
Date of publication, distribution, etc. 1964.
300 ## - PHYSICAL DESCRIPTION
Extent 632стр.с илл.27см.библиогр.:стр.624-626.
653 ## - INDEX TERM--UNCONTROLLED
Uncontrolled term Тоннели и метрополитены.
942 ## - ADDED ENTRY ELEMENTS (KOHA)
Koha item type წიგნი
ეგზემპლარები
Withdrawn status Lost status Damaged status Not for loan Date acquired Barcode Date last seen Price effective from Koha item type
        2018-12-17 12220 2018-12-17 2018-12-17 წიგნი
        2018-12-17 12221 2018-12-17 2018-12-17 წიგნი